Mario Golf: Super Rush - Personnages [avec image] - Statistiques

Statistiques générales
  • Ce quiz a été pris 33 fois
  • Le résultat moyen est 17 sur 22
Statistiques - réponses
Par images Réponse % Correct
Mario
100%
Bowser
93%
Harmonie
93%
Luigi
93%
Princesse Daisy
93%
Princesse Peach
93%
Toad
93%
Toadette
93%
Waluigi
93%
Wario
93%
Yoshi
93%
Boo
86%
Donkey Kong
86%
Koopa Troopa
86%
Maskass
86%
Bowser Jr.
79%
Mii
79%
Pauline
64%
Wiggler
50%
Roi Bob-Omb
43%
Bill Dozer
29%
Ninji
29%
Aucun quiz correspondant
Distribution des résultats
% des personnes avec chaque résultat
Percentile par nombre de réponses
Votre historique - résultats
Vous n’avez pas pris ce quiz